| 000 -LEADER |
| fixed length control field |
00575nam a22001817a 4500 |
| 008 - FIXED-LENGTH DATA ELEMENTS--GENERAL INFORMATION |
| fixed length control field |
131129b xxu||||| |||| 00| 0 eng d |
| 020 ## - INTERNATIONAL STANDARD BOOK NUMBER |
| International Standard Book Number |
9783708305417 |
| 041 0# - LANGUAGE CODE |
| Language code of text/sound track or separate title |
ger |
| -- |
eng |
| 080 ## - UNIVERSAL DECIMAL CLASSIFICATION NUMBER |
| Universal Decimal Classification number |
347.736 |
| 245 00 - TITLE STATEMENT |
| Title |
Österreichische konkursordnung Austrian bankruptcy act = Austrian bankruptcy act / |
| Statement of responsibility, etc |
Konecny, Andreas |
| 260 ## - |
| -- |
Wien : |
| -- |
NWV Verlag ; |
| -- |
2008. |
| 300 ## - |
| -- |
277 f. : |
| -- |
22 cm. |
| 500 ## - |
| -- |
Vorwort - Preface : f. 4-5 |
| 500 ## - |
| -- |
Teksti është në gjuhën angleze dhe gjermane |
| 650 #0 - |
| -- |
Falimentimi |
| -- |
Austria |
| 700 1# - |
| -- |
Reisch, Ulla |
| 942 ## - ADDED ENTRY ELEMENTS (KOHA) |
| Source of classification or shelving scheme |
|
| Item type |
Books |